Statistics for Top 15 NBA Players All-Time

Click here to take the quiz!

General Stats

  • This quiz has been taken 34 times
  • The average score is 13 of 15

Answer Stats

HintAnswer% Correct
1Michael Jordan
100%
13Kobe Bryant
96%
6Larry Bird
96%
2LeBron James
96%
3Kareem Abdul-Jabbar
93%
7Bill Russell
89%
4Magic Johnson
89%
9Shaquille O'Neal
89%
8Tim Duncan
89%
10Stephen Curry
86%
5Wilt Chamberlain
86%
14Kevin Durant
82%
11Hakeem Olajuwon
71%
15Allen Iverson
54%
12Dirk Nowitzki
36%

Score Distribution

Percentile by Number Answered

Percent of People with Each Score

Your Score History

You have not taken this quiz